[Event "IECC CL6-2001.34"]
[Site "IECC email"]
[Date "2001.11.28"]
[Round "?"]
[White "Nash, Chris"]
[Black "Kroonstuiver, Gerard"]
[Result "1-0"]
[WhiteElo "1266"]
[BlackElo "1405"]
[PlyCount "57"]
[EventDate "2001.??.??"]
[EventType "tourn (corr)"]
[EventRounds "4"]
[SourceTitle "Corr 2008"]
[Source "ChessBase"]
[SourceDate "2008.06.24"]
[SourceVersion "1"]
[SourceVersionDate "2008.06.24"]
[SourceQuality "1"]

1. e4 b6 2. d4 Bb7 3. Nf3 e6 4. Bd3 h6 5. Nc3 Be7 6. Bf4 Nf6 7. Qe2 0-0 8. h3 Re8 9. 0-0-0 Nc6 10. a3 Nh5 11. Be3 Nf6 12. e5 Nd5 13. Nxd5 exd5 14. Nh2 Bg5 15. f4 Be7 16. Nf3 Qc8 17. g4 d6 18. Rdg1 Nd8 19. h4 Ne6 20. f5 Nf8 21. h5 Nh7 22. g5 hxg5 23. Bxg5 dxe5 24. dxe5 f6 25. exf6 Nxf6 26. Qg2 Kh8 27. h6 Qd7 28. hxg7+ Kxg7 29. Bh6+ 1-0

[Event "IECC O email"]
[Site "IECC email"]
[Date "2001.07.17"]
[Round "?"]
[White "Kroonstuiver, Gerard"]
[Black "Michael, Holger"]
[Result "0-1"]
[WhiteElo "1331"]
[BlackElo "1275"]
[PlyCount "48"]
[EventDate "2001.??.??"]
[EventType "tourn (corr)"]
[EventRounds "6"]
[SourceTitle "Corr 2008"]
[Source "ChessBase"]
[SourceDate "2008.06.24"]
[SourceVersion "1"]
[SourceVersionDate "2008.06.24"]
[SourceQuality "1"]

1. d4 Nf6 2. c4 g6 3. Nc3 d5 4. cxd5 Nxd5 5. Nxd5 Qxd5 6. e3 Bg7 7. Ne2 0-0 8. Nc3 Qc6 9. Qf3 e5 10. Bb5 Qxf3 11. gxf3 c6 12. Bd3 exd4 13. Ne2 dxe3 14. fxe3 Rd8 15. Bc2 Be6 16. Nf4 Bc4 17. Rg1 Na6 18. a3 Nc5 19. Rb1 Ba2 20. Ra1 Bb3 21. Rg2 Rd6 22. Rd2 Rxd2 23. Kxd2 Rd8+ 24. Bd3 g5 0-1

[Event "IECC KO email"]
[Site "IECC email"]
[Date "2001.04.09"]
[Round "?"]
[White "Guelker, Lorenz"]
[Black "Kroonstuiver, Gerard"]
[Result "1-0"]
[WhiteElo "1062"]
[BlackElo "1409"]
[PlyCount "23"]
[EventDate "2001.??.??"]
[EventType "tourn (corr)"]
[EventRounds "6"]
[SourceTitle "Corr 2008"]
[Source "ChessBase"]
[SourceDate "2008.06.24"]
[SourceVersion "1"]
[SourceVersionDate "2008.06.24"]
[SourceQuality "1"]

1. e4 c5 2. Nf3 Nc6 3. d4 e6 4. d5 exd5 5. exd5 Qe7+ 6. Be2 Ne5 7. 0-0 Nxf3+ 8. Bxf3 Qd6 9. Re1+ Be7 10. Nc3 Nf6 11. Qe2 a6 12. Bf4 1-0

[Event "IECC KO email"]
[Site "IECC email"]
[Date "2001.04.09"]
[Round "?"]
[White "Kroonstuiver, Gerard"]
[Black "Guelker, Lorenz"]
[Result "0-1"]
[WhiteElo "1381"]
[BlackElo "1090"]
[PlyCount "38"]
[EventDate "2001.??.??"]
[EventType "tourn (corr)"]
[EventRounds "6"]
[SourceTitle "Corr 2008"]
[Source "ChessBase"]
[SourceDate "2008.06.24"]
[SourceVersion "1"]
[SourceVersionDate "2008.06.24"]
[SourceQuality "1"]

1. e4 e5 2. Bc4 Nc6 3. Nf3 Nf6 4. 0-0 Nxe4 5. Re1 d5 6. Bb3 Bc5 7. d4 Nxd4 8. Be3 Bg4 9. Nbd2 f5 10. Nxd4 Bxd1 11. Ne6 Bxe3 12. Nxd8 Bxf2+ 13. Kf1 Bxe1 14. Kxe1 Rxd8 15. Nxe4 Bxc2 16. Nc5 Bxb3 17. axb3 b6 18. Ne6 Rd7 19. Rxa7 Kf7 0-1

[Event "IECC KO email"]
[Site "IECC email"]
[Date "2000.11.01"]
[Round "?"]
[White "Kroonstuiver, Gerard"]
[Black "Hinman, Chris"]
[Result "0-1"]
[WhiteElo "1451"]
[BlackElo "1324"]
[PlyCount "80"]
[EventDate "2000.??.??"]
[EventType "tourn (corr)"]
[EventRounds "6"]
[SourceTitle "Corr 2008"]
[Source "ChessBase"]
[SourceDate "2008.06.24"]
[SourceVersion "1"]
[SourceVersionDate "2008.06.24"]
[SourceQuality "1"]

1. d4 d5 2. c4 c6 3. Nc3 Nf6 4. Bg5 dxc4 5. Bxf6 exf6 6. e3 b5 7. a4 Qd7 8. axb5 cxb5 9. Nf3 Bb7 10. Be2 Bb4 11. 0-0 Bxc3 12. bxc3 0-0 13. Re1 Re8 14. Nd2 f5 15. Bf3 Nc6 16. g3 a5 17. Bg2 a4 18. Qh5 Ne7 19. Nf3 Nd5 20. Ne5 Qe6 21. Nf3 Nxc3 22. Ng5 Qd7 23. Qxh7+ Kf8 24. Qh8+ Ke7 25. Qxg7 Bxg2 26. Qxf7+ Kd6 27. Kxg2 Qxf7 28. Nxf7+ Kd5 29. Ng5 a3 30. Nf3 b4 31. Nd2 b3 32. Nb1 Nxb1 33. Rexb1 a2 34. Rb2 Reb8 35. e4+ fxe4 36. f3 exf3+ 37. Kxf3 c3 38. Re2 b2 39. Re5+ Kc4 40. Rc5+ Kxd4 0-1